[Event "Praha"]
[Site "?"]
[Date "2023.01.13"]
[Round "9.8"]
[White "Schneider, Jana"]
[Black "Pyrig, Roman"]
[Result "1/2-1/2"]
[BlackElo "2066"]
[WhiteElo "2263"]
[LiveChessVersion "1.4.8"]

1. e4 {[%clk 1:30:56]} c5 {[%clk 1:30:39]} 2. Nf3 {[%clk 1:31:18]} Nc6
{[%clk 1:30:50]} 3. Nc3 {[%clk 1:31:35]} e5 {[%clk 1:25:35]} 4. Bc4
{[%clk 1:31:45]} d6 {[%clk 1:25:56]} 5. d3 {[%clk 1:32:06]} Be7 {[%clk 1:26:20]}
6. O-O {[%clk 1:30:43]} h6 {[%clk 1:23:28]} 7. Nd5 {[%clk 1:29:19]} Nf6
{[%clk 1:16:34]} 8. c3 {[%clk 1:22:39]} O-O {[%clk 1:06:34]} 9. h3
{[%clk 1:13:51]} Be6 {[%clk 0:54:44]} 10. a3 {[%clk 1:10:50]} Re8
{[%clk 0:45:50]} 11. b4 {[%clk 1:09:37]} Rb8 {[%clk 0:35:11]} 12. Be3
{[%clk 0:49:56]} Bf8 {[%clk 0:33:55]} 13. Qa4 {[%clk 0:44:24]} a6
{[%clk 0:27:45]} 14. b5 {[%clk 0:36:59]} axb5 {[%clk 0:27:22]} 15. Qxb5
{[%clk 0:37:05]} Na7 {[%clk 0:24:05]} 16. Qb2 {[%clk 0:33:01]} Nxd5
{[%clk 0:23:01]} 17. Bxd5 {[%clk 0:31:30]} Bxd5 {[%clk 0:23:19]} 18. exd5
{[%clk 0:31:56]} b5 {[%clk 0:21:34]} 19. Qc2 {[%clk 0:31:15]} g6 {[%clk 0:19:33]}
20. Rfb1 {[%clk 0:24:47]} Bg7 {[%clk 0:19:07]} 21. a4 {[%clk 0:21:37]} Qd7
{[%clk 0:19:30]} 22. axb5 {[%clk 0:21:39]} Nxb5 {[%clk 0:13:06]} 23. Rb3
{[%clk 0:17:23]} Nc7 {[%clk 0:10:44]} 24. Ra7 {[%clk 0:17:29]} Rxb3
{[%clk 0:11:12]} 25. Qxb3 {[%clk 0:17:52]} Qb5 {[%clk 0:11:41]} 26. Qa2
{[%clk 0:16:15]} Qb6 {[%clk 0:09:16]} 27. c4 {[%clk 0:15:49]} Rb8
{[%clk 0:08:17]} 28. Nd2 {[%clk 0:10:40]} f5 {[%clk 0:06:11]} 29. f4
{[%clk 0:10:40]} exf4 {[%clk 0:05:55]} 30. Bxf4 {[%clk 0:11:04]} g5
{[%clk 0:05:39]} 31. Be3 {[%clk 0:10:23]} Rb7 {[%clk 0:02:41]} 32. Ra3
{[%clk 0:08:36]} Ne8 {[%clk 0:02:17]} 33. Qb3 {[%clk 0:07:22]} Qc7
{[%clk 0:01:40]} 34. Qa4 {[%clk 0:07:50]} Qe7 {[%clk 0:02:08]} 35. Bf2
{[%clk 0:06:55]} Rb2 {[%clk 0:01:45]} 36. Qd1 {[%clk 0:06:08]} Nf6
{[%clk 0:00:44]} 37. Qe1 {[%clk 0:05:46]} Qxe1+ {[%clk 0:00:44]} 38. Bxe1
{[%clk 0:06:12]} Nh5 {[%clk 0:00:44]} 39. Kf2 {[%clk 0:00:38]} Nf4
{[%clk 0:00:34]} 40. Kf3 {[%clk 0:00:36]} Be5 {[%clk 0:00:33]} 41. g4
{[%clk 0:25:19]} Nxh3 {[%clk 0:28:56]} 42. gxf5 {[%clk 0:22:43]} h5
{[%clk 0:29:24]} 43. f6 {[%clk 0:21:05]} Kf7 {[%clk 0:28:33]} 44. Ke4
{[%clk 0:19:55]} Kxf6 {[%clk 0:28:17]} 45. d4 {[%clk 0:20:06]} Bf4
{[%clk 0:18:03]} 46. Rxh3 {[%clk 0:12:51]} Bxd2 {[%clk 0:18:29]} 47. Bg3
{[%clk 0:12:22]} Bc3 {[%clk 0:16:26]} 48. dxc5 {[%clk 0:11:42]} dxc5
{[%clk 0:15:35]} 49. Rxh5 {[%clk 0:11:44]} Re2+ {[%clk 0:12:11]} 50. Kd3
{[%clk 0:11:35]} Rg2 {[%clk 0:12:40]} 51. Bc7 {[%clk 0:10:43]} Kg6
{[%clk 0:10:06]} 52. Rh1 {[%clk 0:09:26]} Bf6 {[%clk 0:10:18]} 53. d6
{[%clk 0:04:35]} Rg4 {[%clk 0:10:40]} 54. Rd1 {[%clk 0:04:57]} Rd4+
{[%clk 0:07:46]} 55. Ke2 {[%clk 0:05:27]} Rxc4 {[%clk 0:08:05]} 56. d7
{[%clk 0:05:37]} Rd4 {[%clk 0:08:33]} 57. d8=Q {[%clk 0:03:17]} Bxd8
{[%clk 0:08:57]} 58. Bxd8 {[%clk 0:03:40]} g4 {[%clk 0:08:52]} 59. Rxd4
{[%clk 0:03:36]} cxd4 {[%clk 0:09:19]} 60. Bc7 {[%clk 0:03:58]} 1/2-1/2

[Event "Praha"]
[Site "?"]
[Date "2023.01.13"]
[Round "9.9"]
[White "Goroshkov, Maksym"]
[Black "Dudek, Vojtech"]
[Result "1/2-1/2"]
[BlackElo "2134"]
[WhiteElo "2261"]
[LiveChessVersion "1.4.8"]

1. c4 {[%clk 1:26:10]} Nf6 {[%clk 1:30:31]} 2. Nc3 {[%clk 1:26:23]} c5
{[%clk 1:27:19]} 3. Nf3 {[%clk 1:25:40]} Nc6 {[%clk 1:27:26]} 4. g3
{[%clk 1:26:05]} g6 {[%clk 1:24:35]} 5. Bg2 {[%clk 1:26:21]} Bg7 {[%clk 1:24:48]}
6. d4 {[%clk 1:23:29]} cxd4 {[%clk 1:24:36]} 7. Nxd4 {[%clk 1:23:50]} O-O
{[%clk 1:24:15]} 8. O-O {[%clk 1:24:01]} Nxd4 {[%clk 1:11:45]} 9. Qxd4
{[%clk 1:24:25]} d6 {[%clk 1:12:04]} 10. Qh4 {[%clk 1:17:15]} Qc7
{[%clk 1:05:32]} 11. Nb5 {[%clk 1:13:34]} Qb8 {[%clk 1:03:26]} 12. Bh6
{[%clk 1:12:05]} Bxh6 {[%clk 0:55:17]} 13. Qxh6 {[%clk 1:12:29]} a6
{[%clk 0:55:21]} 14. Nc3 {[%clk 1:12:24]} Bd7 {[%clk 0:52:59]} 15. Qe3
{[%clk 1:09:22]} Re8 {[%clk 0:47:52]} 16. Rad1 {[%clk 0:57:50]} Qa7
{[%clk 0:35:47]} 17. Nd5 {[%clk 0:48:58]} Nxd5 {[%clk 0:33:40]} 18. Bxd5
{[%clk 0:49:12]} Qxe3 {[%clk 0:26:44]} 19. fxe3 {[%clk 0:49:39]} Be6
{[%clk 0:27:06]} 20. e4 {[%clk 0:48:30]} Bxd5 {[%clk 0:25:37]} 21. exd5
{[%clk 0:48:34]} b5 {[%clk 0:25:33]} 22. Rc1 {[%clk 0:46:22]} Rec8
{[%clk 0:24:55]} 23. cxb5 {[%clk 0:45:10]} axb5 {[%clk 0:25:15]} 24. a3
{[%clk 0:45:36]} Kg7 {[%clk 0:23:25]} 25. Rc6 {[%clk 0:44:40]} g5
{[%clk 0:14:12]} 26. Rf3 {[%clk 0:43:18]} Kf8 {[%clk 0:07:46]} 27. Rb3
{[%clk 0:43:03]} Rcb8 {[%clk 0:07:44]} 28. Rc7 {[%clk 0:43:18]} b4
{[%clk 0:07:04]} 29. Rxb4 {[%clk 0:40:58]} Rxb4 {[%clk 0:07:26]} 30. axb4
{[%clk 0:41:26]} Ra4 {[%clk 0:07:05]} 31. Rc4 {[%clk 0:41:02]} Ra2
{[%clk 0:06:20]} 32. b3 {[%clk 0:40:48]} Rb2 {[%clk 0:06:34]} 33. Rc3
{[%clk 0:40:56]} Rd2 {[%clk 0:05:37]} 34. Rc4 {[%clk 0:30:35]} 1/2-1/2

[Event "Praha"]
[Site "?"]
[Date "2023.01.13"]
[Round "9.10"]
[White "Ochedzan, Tymon"]
[Black "O`cuilleanain, Oisin"]
[Result "1-0"]
[BlackElo "2064"]
[WhiteElo "2236"]
[LiveChessVersion "1.4.8"]

1. e4 {[%clk 1:30:56]} c5 {[%clk 1:28:41]} 2. Nf3 {[%clk 1:31:22]} d6
{[%clk 1:29:01]} 3. c3 {[%clk 1:31:49]} Nf6 {[%clk 1:28:38]} 4. Be2
{[%clk 1:32:15]} g6 {[%clk 1:28:57]} 5. O-O {[%clk 1:32:35]} Bg7 {[%clk 1:29:20]}
6. Bb5+ {[%clk 1:32:56]} Bd7 {[%clk 1:29:41]} 7. Bxd7+ {[%clk 1:33:12]} Nbxd7
{[%clk 1:30:04]} 8. Re1 {[%clk 1:32:00]} O-O {[%clk 1:25:27]} 9. d4
{[%clk 1:32:16]} cxd4 {[%clk 1:23:49]} 10. cxd4 {[%clk 1:32:40]} b5
{[%clk 1:21:48]} 11. a4 {[%clk 1:22:16]} bxa4 {[%clk 1:11:55]} 12. Qxa4
{[%clk 1:22:12]} e6 {[%clk 1:11:40]} 13. Nc3 {[%clk 1:20:15]} Nb6
{[%clk 1:08:24]} 14. Qa6 {[%clk 1:16:21]} Qd7 {[%clk 1:08:31]} 15. Bf4
{[%clk 1:05:40]} Rfc8 {[%clk 1:05:18]} 16. Nb5 {[%clk 0:57:25]} Ne8
{[%clk 0:57:34]} 17. Rec1 {[%clk 0:54:04]} Nc7 {[%clk 0:57:09]} 18. Nxc7
{[%clk 0:52:17]} Rxc7 {[%clk 0:57:33]} 19. Qxb6 {[%clk 0:51:31]} axb6
{[%clk 0:55:24]} 20. Rxa8+ {[%clk 0:51:53]} Bf8 {[%clk 0:55:43]} 21. Rxc7
{[%clk 0:52:10]} 1-0

[Event "Praha"]
[Site "?"]
[Date "2023.01.13"]
[Round "9.11"]
[White "Toncheva, Nadya"]
[Black "Zolfagharian, Kevin"]
[Result "1/2-1/2"]
[BlackElo "2227"]
[WhiteElo "2195"]
[LiveChessVersion "1.4.8"]

1. e4 {[%clk 1:30:58]} c5 {[%clk 1:30:02]} 2. c3 {[%clk 1:31:22]} e5
{[%clk 1:30:25]} 3. Nf3 {[%clk 1:31:48]} Nc6 {[%clk 1:30:50]} 4. Bc4
{[%clk 1:32:14]} Be7 {[%clk 1:31:10]} 5. O-O {[%clk 1:32:28]} Nf6
{[%clk 1:31:36]} 6. d3 {[%clk 1:32:31]} h6 {[%clk 1:31:52]} 7. Re1
{[%clk 1:32:35]} d6 {[%clk 1:32:11]} 8. Nbd2 {[%clk 1:32:10]} O-O
{[%clk 1:32:25]} 9. a4 {[%clk 1:32:15]} Be6 {[%clk 1:32:44]} 10. Nf1
{[%clk 1:29:50]} Rc8 {[%clk 1:28:42]} 11. Ne3 {[%clk 1:26:47]} Qd7
{[%clk 1:09:15]} 12. Nd5 {[%clk 1:22:47]} Bd8 {[%clk 1:05:24]} 13. h3
{[%clk 1:15:36]} Bxd5 {[%clk 0:59:23]} 14. Bxd5 {[%clk 1:15:11]} Nxd5
{[%clk 0:55:32]} 15. exd5 {[%clk 1:15:34]} Ne7 {[%clk 0:55:57]} 16. Qb3
{[%clk 1:13:18]} g5 {[%clk 0:45:58]} 17. Qc4 {[%clk 1:09:28]} Kg7
{[%clk 0:33:54]} 18. Re2 {[%clk 0:56:05]} a6 {[%clk 0:31:38]} 19. a5
{[%clk 0:55:38]} Ng6 {[%clk 0:29:23]} 20. Kf1 {[%clk 0:52:21]} f5
{[%clk 0:29:26]} 21. Ke1 {[%clk 0:49:27]} Qf7 {[%clk 0:27:31]} 22. Qb3
{[%clk 0:39:07]} Bf6 {[%clk 0:19:07]} 23. c4 {[%clk 0:34:57]} Rce8
{[%clk 0:18:19]} 24. Kd1 {[%clk 0:31:03]} e4 {[%clk 0:10:40]} 25. dxe4
{[%clk 0:31:18]} Rxe4 {[%clk 0:07:18]} 26. Bd2 {[%clk 0:31:24]} Rfe8
{[%clk 0:07:17]} 27. Re1 {[%clk 0:21:30]} g4 {[%clk 0:05:01]} 28. hxg4
{[%clk 0:21:00]} fxg4 {[%clk 0:05:29]} 29. Rxe4 {[%clk 0:21:23]} Rxe4
{[%clk 0:05:58]} 30. Ne1 {[%clk 0:21:44]} Ne5 {[%clk 0:05:47]} 31. Bc3
{[%clk 0:15:41]} Nxc4 {[%clk 0:03:53]} 32. Bxf6+ {[%clk 0:15:27]} Qxf6
{[%clk 0:04:03]} 33. Nd3 {[%clk 0:14:14]} Rd4 {[%clk 0:02:04]} 34. Kc2
{[%clk 0:14:20]} Qf5 {[%clk 0:02:32]} 35. Qxb7+ {[%clk 0:14:23]} Kg6
{[%clk 0:02:50]} 36. Rd1 {[%clk 0:14:48]} Rxd3 {[%clk 0:02:38]} 37. Rxd3
{[%clk 0:15:11]} Ne5 {[%clk 0:03:04]} 38. Qxa6 {[%clk 0:15:28]} c4
{[%clk 0:02:53]} 39. Qxd6+ {[%clk 0:15:38]} Kh5 {[%clk 0:02:50]} 40. Kc3
{[%clk 0:07:39]} Qxd3+ {[%clk 0:02:11]} 41. Kb4 {[%clk 0:08:06]} Qd4
{[%clk 0:24:48]} 42. Kb5 {[%clk 0:34:07]} Qxb2+ {[%clk 0:22:23]} 43. Ka6
{[%clk 0:34:33]} Nd3 {[%clk 0:16:41]} 44. Qf8 {[%clk 0:34:41]} Qxf2
{[%clk 0:08:43]} 45. Qxf2 {[%clk 0:33:43]} Nxf2 {[%clk 0:09:12]} 46. d6
{[%clk 0:34:06]} Ne4 {[%clk 0:07:53]} 47. d7 {[%clk 0:34:32]} Nc5+
{[%clk 0:08:19]} 48. Kb5 {[%clk 0:34:57]} Nxd7 {[%clk 0:08:44]} 49. Kxc4
{[%clk 0:33:31]} Nb8 {[%clk 0:04:52]} 50. Kb5 {[%clk 0:33:57]} Kg5
{[%clk 0:04:57]} 51. Kb6 {[%clk 0:34:25]} h5 {[%clk 0:05:04]} 52. Kb7
{[%clk 0:34:38]} Nd7 {[%clk 0:05:18]} 53. Kc6 {[%clk 0:34:39]} h4
{[%clk 0:04:36]} 54. Kxd7 {[%clk 0:35:07]} h3 {[%clk 0:05:01]} 55. a6
{[%clk 0:35:34]} hxg2 {[%clk 0:05:13]} 56. a7 {[%clk 0:36:02]} g1=Q
{[%clk 0:05:34]} 57. a8=Q {[%clk 0:36:27]} Qd4+ {[%clk 0:05:17]} 58. Kc7
{[%clk 0:33:20]} g3 {[%clk 0:04:08]} 59. Qg2 {[%clk 0:30:43]} Qf2
{[%clk 0:00:49]} 60. Qd5+ {[%clk 0:31:08]} Kg4 {[%clk 0:01:13]} 61. Qg8+
{[%clk 0:29:54]} Kh3 {[%clk 0:01:30]} 62. Qh7+ {[%clk 0:29:06]} Kg2
{[%clk 0:01:58]} 63. Qe4+ {[%clk 0:29:25]} Kg1 {[%clk 0:01:59]} 64. Qb1+
{[%clk 0:29:22]} Qf1 {[%clk 0:02:26]} 65. Qb6+ {[%clk 0:29:41]} Kh2
{[%clk 0:02:44]} 66. Qh6+ {[%clk 0:29:27]} Qh3 {[%clk 0:03:12]} 67. Qf4
{[%clk 0:29:52]} Qh7+ {[%clk 0:01:40]} 68. Kb8 {[%clk 0:27:58]} Qb1+
{[%clk 0:01:27]} 69. Kc7 {[%clk 0:27:35]} Qc2+ {[%clk 0:01:48]} 70. Kb8
{[%clk 0:27:47]} Qc3 {[%clk 0:01:03]} 71. Qh6+ {[%clk 0:25:15]} Kg2
{[%clk 0:00:51]} 72. Qe6 {[%clk 0:24:01]} Qb2+ {[%clk 0:00:58]} 73. Kc7
{[%clk 0:23:37]} Qc1+ {[%clk 0:01:16]} 74. Kd8 {[%clk 0:23:01]} Qd2+
{[%clk 0:01:32]} 75. Kc8 {[%clk 0:23:04]} Kg1 {[%clk 0:01:36]} 76. Qb6+
{[%clk 0:23:10]} Qf2 {[%clk 0:02:05]} 77. Qb1+ {[%clk 0:23:28]} Qf1
{[%clk 0:02:34]} 78. Qb6+ {[%clk 0:23:47]} Kh2 {[%clk 0:03:00]} 79. Qd6
{[%clk 0:23:46]} Qc1+ {[%clk 0:02:09]} 80. Kb8 {[%clk 0:23:36]} Qe3
{[%clk 0:01:46]} 81. Kc7 {[%clk 0:22:14]} Kg1 {[%clk 0:01:13]} 82. Qd1+
{[%clk 0:22:36]} Kf2 {[%clk 0:01:35]} 83. Qc2+ {[%clk 0:22:51]} Kf3
{[%clk 0:01:02]} 84. Qd1+ {[%clk 0:22:07]} Qe2 {[%clk 0:00:50]} 85. Qd5+
{[%clk 0:22:13]} Kf2 {[%clk 0:01:04]} 86. Qc5+ {[%clk 0:20:36]} Kf1
{[%clk 0:01:11]} 87. Qc1+ {[%clk 0:20:38]} Kg2 {[%clk 0:00:50]} 88. Qc6+
{[%clk 0:20:02]} Qf3 {[%clk 0:00:35]} 89. Qc2+ {[%clk 0:20:17]} Kh1
{[%clk 0:00:33]} 90. Qh7+ {[%clk 0:20:32]} Kg1 {[%clk 0:00:59]} 91. Qb1+
{[%clk 0:20:55]} Qf1 {[%clk 0:01:11]} 92. Qb6+ {[%clk 0:21:12]} Kh2
{[%clk 0:01:16]} 93. Qh6+ {[%clk 0:21:22]} Qh3 {[%clk 0:01:34]} 94. Qf4
{[%clk 0:21:49]} Qh7+ {[%clk 0:01:17]} 95. Kb8 {[%clk 0:22:01]} Qb1+
{[%clk 0:00:48]} 96. Kc7 {[%clk 0:22:24]} Qc2+ {[%clk 0:00:37]} 97. Kb8
{[%clk 0:22:48]} Qb3+ {[%clk 0:00:34]} 98. Ka8 {[%clk 0:21:50]} Qc3
{[%clk 0:00:34]} 99. Qh6+ {[%clk 0:21:26]} Kg1 {[%clk 0:00:41]} 100. Qb6+
{[%clk 0:21:52]} Kf1 {[%clk 0:00:43]} 101. Qb1+ {[%clk 0:19:47]} Qe1
{[%clk 0:00:40]} 102. Qf5+ {[%clk 0:19:28]} Kg1 {[%clk 0:00:52]} 103. Qc5+
{[%clk 0:19:49]} Qf2 {[%clk 0:00:50]} 104. Qc1+ {[%clk 0:20:07]} Kg2
{[%clk 0:01:07]} 105. Kb8 {[%clk 0:20:15]} Qf8+ {[%clk 0:00:47]} 106. Kb7
{[%clk 0:19:27]} Kh2 {[%clk 0:00:36]} 107. Qc7 {[%clk 0:19:49]} Qb4+
{[%clk 0:00:32]} 108. Kc8 {[%clk 0:20:00]} Qg4+ {[%clk 0:00:41]} 109. Kb7
{[%clk 0:20:17]} Qe2 {[%clk 0:01:43]} 1/2-1/2

[Event "Praha"]
[Site "?"]
[Date "2023.01.13"]
[Round "9.12"]
[White "Stevik, Patrik"]
[Black "Piddubna, Bozhena"]
[Result "1-0"]
[BlackElo "1889"]
[WhiteElo "2222"]
[LiveChessVersion "1.4.8"]

1. d4 {[%clk 1:29:46]} Nf6 {[%clk 1:30:25]} 2. c4 {[%clk 1:29:59]} g6
{[%clk 1:28:02]} 3. Nf3 {[%clk 1:28:58]} Bg7 {[%clk 1:26:22]} 4. g3
{[%clk 1:28:16]} b6 {[%clk 1:26:47]} 5. Bg2 {[%clk 1:27:17]} Bb7 {[%clk 1:27:11]}
6. O-O {[%clk 1:27:34]} O-O {[%clk 1:27:30]} 7. b3 {[%clk 1:24:00]} d6
{[%clk 1:26:48]} 8. Bb2 {[%clk 1:23:40]} Nbd7 {[%clk 1:26:24]} 9. Nbd2
{[%clk 1:19:13]} Ne4 {[%clk 1:24:17]} 10. Qc2 {[%clk 1:15:18]} Nxd2
{[%clk 1:19:54]} 11. Qxd2 {[%clk 1:15:16]} Nf6 {[%clk 1:03:32]} 12. Rad1
{[%clk 1:10:55]} Ne4 {[%clk 1:00:48]} 13. Qc2 {[%clk 1:10:53]} Qc8
{[%clk 0:54:31]} 14. d5 {[%clk 1:07:07]} Bxb2 {[%clk 0:47:16]} 15. Qxb2
{[%clk 1:06:05]} e5 {[%clk 0:47:09]} 16. Nxe5 {[%clk 1:05:02]} dxe5
{[%clk 0:47:30]} 17. Bxe4 {[%clk 1:05:11]} f5 {[%clk 0:47:58]} 18. Bg2
{[%clk 1:02:47]} Qe8 {[%clk 0:45:53]} 19. Qc3 {[%clk 0:55:44]} Qe7
{[%clk 0:44:50]} 20. d6 {[%clk 0:50:32]} cxd6 {[%clk 0:45:15]} 21. Bxb7
{[%clk 0:50:58]} Qxb7 {[%clk 0:45:36]} 22. Rxd6 {[%clk 0:51:24]} Rae8
{[%clk 0:45:24]} 23. Rd5 {[%clk 0:47:11]} f4 {[%clk 0:43:55]} 24. Rxe5
{[%clk 0:44:30]} fxg3 {[%clk 0:43:55]} 25. Qxg3 {[%clk 0:44:08]} Rxe5
{[%clk 0:43:21]} 26. Qxe5 {[%clk 0:44:33]} Rf5 {[%clk 0:43:43]} 27. Qe6+
{[%clk 0:43:55]} Kg7 {[%clk 0:43:13]} 28. f4 {[%clk 0:42:03]} Qc7
{[%clk 0:41:37]} 29. e3 {[%clk 0:40:43]} Rf6 {[%clk 0:34:11]} 30. Qe4
{[%clk 0:34:56]} Qd7 {[%clk 0:24:31]} 31. Qf3 {[%clk 0:33:00]} Qd2
{[%clk 0:17:34]} 32. Rf2 {[%clk 0:31:59]} Qe1+ {[%clk 0:17:28]} 33. Kg2
{[%clk 0:32:07]} Re6 {[%clk 0:14:08]} 34. Re2 {[%clk 0:31:51]} Qd1
{[%clk 0:13:20]} 35. e4 {[%clk 0:30:24]} Rd6 {[%clk 0:07:28]} 36. Rf2
{[%clk 0:28:34]} Qb1 {[%clk 0:05:56]} 37. f5 {[%clk 0:26:54]} gxf5
{[%clk 0:02:20]} 38. exf5 {[%clk 0:27:09]} Kf6 {[%clk 0:00:57]} 39. Qf4
{[%clk 0:26:06]} Rd1 {[%clk 0:00:43]} 40. Qh6+ {[%clk 0:26:03]} Ke5
{[%clk 0:00:53]} 41. Re2+ {[%clk 0:24:44]} Kxf5 {[%clk 0:01:10]} 42. Qe6+
{[%clk 0:25:02]} Kg5 {[%clk 0:00:48]} 43. Re5+ {[%clk 0:25:23]} Kf4
{[%clk 0:01:07]} 44. Qf6+ {[%clk 0:25:47]} Kg4 {[%clk 0:01:20]} 45. h3#
{[%clk 0:26:13]} 1-0

[Event "Praha"]
[Site "?"]
[Date "2023.01.13"]
[Round "9.13"]
[White "Gijsen, William"]
[Black "Mach, Petr"]
[Result "1-0"]
[BlackElo "2205"]
[WhiteElo "2144"]
[LiveChessVersion "1.4.8"]

1. e4 {[%clk 1:30:57]} e6 {[%clk 1:30:58]} 2. d4 {[%clk 1:31:22]} d5
{[%clk 1:31:26]} 3. Nc3 {[%clk 1:31:46]} Nf6 {[%clk 1:31:52]} 4. Bg5
{[%clk 1:30:04]} Bb4 {[%clk 1:32:13]} 5. e5 {[%clk 1:29:44]} h6 {[%clk 1:32:38]}
6. Bd2 {[%clk 1:30:09]} Nfd7 {[%clk 1:31:47]} 7. Qg4 {[%clk 1:29:38]} Bf8
{[%clk 1:25:10]} 8. O-O-O {[%clk 1:25:57]} c5 {[%clk 1:24:31]} 9. Nf3
{[%clk 1:24:36]} Nc6 {[%clk 1:20:17]} 10. Nb5 {[%clk 1:18:44]} Nxd4
{[%clk 1:20:33]} 11. Nd6+ {[%clk 1:17:08]} Bxd6 {[%clk 1:20:04]} 12. Qxg7
{[%clk 1:16:02]} Rf8 {[%clk 1:20:02]} 13. exd6 {[%clk 1:15:31]} Nf5
{[%clk 1:19:18]} 14. Qc3 {[%clk 1:15:07]} Qf6 {[%clk 1:15:14]} 15. Qxf6
{[%clk 1:03:58]} Nxf6 {[%clk 1:15:36]} 16. Ne5 {[%clk 1:04:16]} Nd7
{[%clk 0:54:15]} 17. Re1 Nxe5 {[%clk 0:45:42]} 18. Rxe5 {[%clk 0:48:36]} f6
{[%clk 0:43:36]} 19. Bb5+ {[%clk 0:48:13]} Kd8 20. Rxf5 {[%clk 0:47:58]} exf5
{[%clk 0:43:48]} 21. Bxh6 {[%clk 0:48:08]} Rg8 {[%clk 0:40:39]} 22. Bf4
{[%clk 0:45:28]} Bd7 {[%clk 0:40:41]} 23. Bd3 {[%clk 0:45:46]} Rxg2
{[%clk 0:36:45]} 24. Bg3 {[%clk 0:45:07]} f4 {[%clk 0:32:49]} 25. Bf1
{[%clk 0:45:13]} f3 {[%clk 0:33:15]} 26. Bxg2 {[%clk 0:44:30]} fxg2
{[%clk 0:33:40]} 27. Rg1 {[%clk 0:43:49]} Bh3 {[%clk 0:34:01]} 28. Kd2
{[%clk 0:39:32]} Kd7 {[%clk 0:33:51]} 29. Ke3 {[%clk 0:39:12]} Re8+
{[%clk 0:33:21]} 30. Kf3 {[%clk 0:39:26]} d4 {[%clk 0:24:20]} 31. Bf4
{[%clk 0:39:00]} Bf5 {[%clk 0:24:35]} 32. Kxg2 {[%clk 0:38:26]} Bxc2
{[%clk 0:24:59]} 33. Kf3 {[%clk 0:33:42]} Be4+ {[%clk 0:20:22]} 34. Ke2
{[%clk 0:31:50]} Bd5+ {[%clk 0:20:47]} 35. Kd2 {[%clk 0:32:02]} Bxa2
{[%clk 0:16:54]} 36. Rg7+ {[%clk 0:28:58]} Kc6 {[%clk 0:17:19]} 37. h4
{[%clk 0:25:28]} Rg8 {[%clk 0:04:56]} 38. Rc7+ {[%clk 0:23:26]} Kb6
{[%clk 0:05:23]} 39. h5 {[%clk 0:23:41]} Be6 {[%clk 0:04:15]} 40. h6
{[%clk 0:23:34]} Bf5 {[%clk 0:04:41]} 41. h7 {[%clk 0:22:09]} Rd8
{[%clk 0:03:55]} 42. Rg7 {[%clk 0:21:56]} Rh8 {[%clk 0:30:17]} 43. d7
{[%clk 0:51:27]} Bxh7 {[%clk 0:30:41]} 44. Rxh7 {[%clk 0:51:48]} Rd8
{[%clk 0:31:06]} 45. Rf7 {[%clk 0:51:04]} Kc6 {[%clk 0:31:17]} 46. Rxf6+
{[%clk 0:51:13]} Kxd7 {[%clk 0:31:42]} 47. Rd6+ {[%clk 0:51:25]} Ke7
{[%clk 0:32:01]} 48. Rxd8 {[%clk 0:51:46]} Kxd8 {[%clk 0:32:27]} 49. Bb8
{[%clk 0:52:02]} Kd7 {[%clk 0:32:25]} 50. Bxa7 {[%clk 0:52:12]} Kd6
{[%clk 0:32:49]} 51. b4 {[%clk 0:50:12]} 1-0

[Event "Praha"]
[Site "?"]
[Date "2023.01.13"]
[Round "9.14"]
[White "Cieslak, Patryk"]
[Black "Nielsen, Andre"]
[Result "1/2-1/2"]
[BlackElo "2212"]
[WhiteElo "2094"]
[LiveChessVersion "1.4.8"]

1. e4 {[%clk 1:30:57]} e5 {[%clk 1:30:45]} 2. Nf3 {[%clk 1:31:23]} Nc6
{[%clk 1:31:04]} 3. Bb5 {[%clk 1:31:51]} a6 {[%clk 1:31:19]} 4. Ba4
{[%clk 1:32:17]} Nf6 {[%clk 1:31:03]} 5. O-O {[%clk 1:32:39]} Bc5
{[%clk 1:31:24]} 6. c3 {[%clk 1:32:15]} b5 {[%clk 1:31:44]} 7. Bb3
{[%clk 1:32:40]} d6 {[%clk 1:31:52]} 8. d4 {[%clk 1:32:46]} Bb6 {[%clk 1:32:09]}
9. Be3 {[%clk 1:32:37]} O-O {[%clk 1:30:44]} 10. Nbd2 {[%clk 1:32:34]} h6
{[%clk 1:28:54]} 11. h3 {[%clk 1:32:47]} Re8 {[%clk 1:29:05]} 12. Re1
{[%clk 1:32:54]} Rb8 {[%clk 1:08:53]} 13. a4 {[%clk 1:15:01]} Bb7
{[%clk 0:57:18]} 14. axb5 {[%clk 1:08:02]} axb5 {[%clk 0:57:40]} 15. dxe5
{[%clk 1:06:11]} dxe5 {[%clk 0:45:12]} 16. Bxb6 {[%clk 1:03:59]} cxb6
{[%clk 0:45:34]} 17. Qe2 {[%clk 1:01:04]} b4 {[%clk 0:40:36]} 18. cxb4
{[%clk 0:48:57]} Nd4 {[%clk 0:37:35]} 19. Qc4 {[%clk 0:42:29]} Nxf3+
{[%clk 0:27:30]} 20. Nxf3 {[%clk 0:42:53]} Re7 {[%clk 0:26:18]} 21. Rad1
{[%clk 0:37:47]} Qc8 {[%clk 0:23:36]} 22. Rd6 {[%clk 0:34:09]} Qxc4
{[%clk 0:21:20]} 23. Bxc4 {[%clk 0:33:25]} Rc8 {[%clk 0:21:04]} 24. Bb3
{[%clk 0:31:36]} Rc6 {[%clk 0:20:44]} 25. Rxc6 {[%clk 0:24:35]} Bxc6
{[%clk 0:21:05]} 26. Nd2 {[%clk 0:24:30]} b5 {[%clk 0:16:05]} 27. Rc1
{[%clk 0:23:33]} Nxe4 {[%clk 0:14:03]} 28. Nxe4 {[%clk 0:23:08]} Bxe4
{[%clk 0:14:26]} 29. Rc5 {[%clk 0:22:20]} Bd3 {[%clk 0:10:32]} 30. Bc2
{[%clk 0:19:09]} e4 {[%clk 0:10:35]} 31. Bxd3 {[%clk 0:17:28]} exd3
{[%clk 0:10:57]} 32. Rd5 {[%clk 0:17:36]} Re1+ {[%clk 0:10:31]} 33. Kh2
{[%clk 0:18:05]} Re2 {[%clk 0:10:36]} 34. Rxd3 {[%clk 0:15:01]} Rxb2 35. Rd8+
{[%clk 0:14:58]} Kh7 {[%clk 0:11:19]} 36. Rd4 {[%clk 0:15:22]} Kg6
{[%clk 0:11:22]} 37. Kg3 {[%clk 0:14:49]} Kf6 {[%clk 0:11:28]} 38. f4
{[%clk 0:14:52]} Rb3+ {[%clk 0:07:49]} 39. Kg4 {[%clk 0:14:22]} g6
{[%clk 0:08:01]} 40. Re4 {[%clk 0:13:00]} h5+ {[%clk 0:02:01]} 41. Kh4
{[%clk 0:13:28]} Kf5 {[%clk 0:01:21]} 42. Rd4 {[%clk 0:12:40]} Kf6
{[%clk 0:27:14]} 43. Re4 {[%clk 0:42:06]} Kf5 {[%clk 0:26:31]} 44. Rd4
{[%clk 0:42:30]} Ke6 {[%clk 0:26:53]} 45. g4 {[%clk 0:39:59]} hxg4
{[%clk 0:26:33]} 46. hxg4 {[%clk 0:40:18]} f6 {[%clk 0:26:40]} 47. g5
{[%clk 0:38:56]} f5 {[%clk 0:26:29]} 48. Rd6+ {[%clk 0:39:10]} Kxd6 1/2-1/2